书目信息 |
| 书名: | Managing people and organisations | |
| 作者: | Scottish Qualifications Authority : | |
| 分册号: | ||
| 分册名: | 出版地: | Beijing : |
|
| 出版社: | China Modern Economic Publishing House | |
| 出版时间: | 2006. | |
| 页数: | 349 p. : | |
| 开本: | 25 cm. | |
| 丛书名: | ||
| 中图分类号: | ||
| 科图分类号: | ||
| 其他分类号: | C936 | |
| 主题词: | ||
| 电子资源: | ||
| 000 | 00951nam 2200265 a 4500 | |
| 001 | E1155693695 | |
| 005 | 20111208153059.75 | |
| 008 | 061024s2006 cc a b 000 0 eng | |
| 020 | @a7801695887 :@cCNY78.00. | |
| 040 | @aCcBjTSG | |
| 041 | 0 | @aeng@bchi |
| 090 | @aF241@bM2661/2006 | |
| 090 | @aC936 | |
| 096 | @aF241 | |
| 099 | @dC936@e106=3 | |
| 245 | 00 | @aManaging people and organisations :@ban introduction = 人力与组织管理(初级) / @cScottish Qualifications Authority : @kmonograph. |
| 246 | 31 | @a人力与组织管理(初级)@b第三版 |
| 246 | 1 | @iOn title page :@aBusiness |
| 250 | @a3rd ed. | |
| 260 | @aBeijing :@bChina Modern Economic Publishing House,@c2006. | |
| 300 | @a349 p. :@bill. ;@c25 cm. | |
| 500 | @aScottish Qualifications Authority, Higher National Diploma, Unit Student Guide, DE3D 34. | |
| 504 | @aIncludes bibliographical references. | |
| 650 | 0 | @aPersonnel management. |
| 710 | 2 | @aScottish Qualifications Authority. |
| Managing people and organisations : : an introduction = 人力与组织管理(初级) / / Scottish Qualifications Authority : .-3rd ed.-Beijing : : China Modern Economic Publishing House, , 2006. |
| 349 p. : : ill. ; ; 25 cm. |
| Scottish Qualifications Authority, Higher National Diploma, Unit Student Guide, DE3D 34.-Includes bibliographical references. |
| ISBN 7801695887 :CNY78.00. |
| ● |
| 相关链接 |
|
|
|
|
正题名:Managing people and organisations
索取号:C936/106=3
 
预约/预借
| 序号 | 登录号 | 条形码 | 馆藏地/架位号 | 状态 | 备注 |
| 1 | 17812 | 300178126 | 第二样本阅览室/ [索取号:C936/106=3] | 在馆 | |
| 2 | 17813 | 300178135 | 第四借阅区/ [索取号:C936/106=3] | 在馆 | |
| 3 | 17814 | 300178144 | 第四借阅区/ [索取号:C936/106=3] | 在馆 | |
| 4 | 17815 | 300178153 | 第四借阅区/ [索取号:C936/106=3] | 在馆 | |
| 5 | 17816 | 300178162 | 第四借阅区/ [索取号:C936/106=3] | 在馆 |